[Event "39th TCh-GRE"]
[Site "Eretria GRE"]
[Date "2011.07.06"]
[Round "5.1"]
[White "Banikas, Hristos"]
[Black "Skembris, Spyridon"]
[Result "1-0"]
[WhiteTitle "GM"]
[BlackTitle "GM"]
[WhiteElo "2593"]
[BlackElo "2475"]
[WhiteTeam "SS Peristeri"]
[BlackTeam "CC Kavala"]
[WhiteFideId "4202031"]
[BlackFideId "4200020"]
[EventDate "2011.07.03"]

1. d4 d5 2. c4 c6 3. Nf3 Nf6 4. Nc3 g6 5. cxd5 cxd5 6. Bf4 Nc6 7. h3 Bg7 8. e3
O-O 9. Bd3 Bd7 10. O-O Rc8 11. Rc1 Bf5 12. Ne5 Bxd3 13. Qxd3 a6 14. Na4 Qa5 15.
Nxc6 Rxc6 16. Rxc6 bxc6 17. Nc5 Qxa2 18. Qxa6 Qxb2 19. Qxc6 Qa2 20. Nd7 Rd8 21.
Nb6 h6 22. Bc7 Rf8 23. Be5 Rd8 24. Qc7 Re8 25. Bxf6 Bxf6 26. Qd7 Kf8 27. Nxd5
Bg5 28. f4 Bh4 29. f5 g5 30. f6 e6 31. Qd6+ Kg8 32. Ne7+ Kh7 33. g3 Qe2 34. Qe5
Rb8 35. gxh4 1-0

[Event "39th TCh-GRE"]
[Site "Eretria GRE"]
[Date "2011.07.06"]
[Round "5.1"]
[White "Kokossis, Danae"]
[Black "Vatkali, Dimitra"]
[Result "0-1"]
[WhiteElo "1768"]
[BlackElo "1929"]
[WhiteTeam "SS Peristeri"]
[BlackTeam "CC Kavala"]
[WhiteFideId "410128"]
[BlackFideId "4200705"]
[EventDate "2011.07.03"]

1. e4 c6 2. d4 g6 3. f4 d5 4. e5 Bg7 5. Nf3 Bg4 6. h3 Bxf3 7. Qxf3 e6 8. Bd3 Ne7
9. g4 c5 10. dxc5 Qa5+ 11. c3 Qxc5 12. Be3 Qc7 13. Na3 a6 14. Rc1 Nbc6 15. Qf2
h5 16. g5 O-O 17. Bb6 Qd7 18. Nc2 Nc8 19. Bc5 Rd8 20. Nd4 Bf8 21. Nxc6 Qxc6 22.
Bd4 b5 23. Qc2 Ne7 24. Rh2 Rac8 25. Qd1 Rd7 26. Rhc2 Rdc7 27. Qe2 Qb7 28. a4 Rb8
29. a5 Rc6 30. b4 Nc8 31. Qe3 Qd7 32. h4 Rb7 33. Qf2 Rb8 34. Kd2 Rb7 35. Qe3 Ne7
36. Qf2 Rc8 37. Be3 Nc6 38. Bb6 Qe8 39. Be3 Rd7 40. Bd4 Qd8 41. Bb6 Qe8 42. Bd4
Be7 43. Qg1 Bd8 44. Qe3 Bc7 45. Rb2 Bb8 46. Rcb1 Rb7 47. Rb3 Qd7 48. Qg1 Rbc7
49. Qe3 Ba7 50. Bxa7 Rxa7 51. R3b2 d4 52. cxd4 Nxd4 53. Ke1 Rc3 54. Kf2 Nf5 55.
Qb6 Rxd3 56. Qb8+ Kg7 57. Rc2 Qd4+ 58. Ke1 Qg1+ 0-1

[Event "39th TCh-GRE"]
[Site "Eretria GRE"]
[Date "2011.07.06"]
[Round "5.1"]
[White "Serefidou, Despina"]
[Black "Fragkou, Eleni"]
[Result "1-0"]
[WhiteElo "1705"]
[BlackElo "1864"]
[WhiteTeam "CC Kavala"]
[BlackTeam "SS Peristeri"]
[WhiteFideId "4218787"]
[BlackFideId "4221150"]
[EventDate "2011.07.03"]

1. e4 c5 2. Nf3 e6 3. d4 cxd4 4. Nxd4 a6 5. Bd3 Bc5 6. Nb3 Be7 7. Qg4 g6 8. Qe2
d6 9. O-O Nd7 10. Na3 b5 11. Bd2 Bf6 12. Ba5 Qe7 13. c4 Ne5 14. Rfd1 bxc4 15.
Nxc4 Nxc4 16. Bxc4 d5 17. exd5 exd5 18. Qf3 Kf8 19. Bxd5 Rb8 20. Re1 Qd7 21. Bc6
Qf5 22. Bc7 Rb4 23. Bd6+ Be7 24. Bxb4 Bxb4 25. Qxf5 Bxf5 26. Re8+ Kg7 27. Nd4
Ne7 28. Nxf5+ Nxf5 29. Rxh8 Kxh8 30. Rd1 Kg7 31. Bb7 a5 32. a3 Bc5 33. Rd5 Bb6
34. b4 1-0

[Event "39th TCh-GRE"]
[Site "Eretria GRE"]
[Date "2011.07.06"]
[Round "5.1"]
[White "Stathopoulos, Ioannis"]
[Black "Pavlidis, Antonios"]
[Result "1/2-1/2"]
[BlackTitle "IM"]
[WhiteElo "2122"]
[BlackElo "2420"]
[WhiteTeam "SS Peristeri"]
[BlackTeam "CC Kavala"]
[WhiteFideId "4223098"]
[BlackFideId "4212312"]
[EventDate "2011.07.03"]

1. d4 d6 2. c4 e5 3. Nf3 e4 4. Nfd2 f5 5. e3 Nf6 6. Nc3 g6 7. Be2 Bg7 8. O-O O-O
9. b4 Kh8 10. a4 Qe7 11. Ba3 g5 12. Qc2 Re8 13. Rfe1 Qf7 14. b5 Nbd7 15. a5 Bf8
16. Bf1 Be7 17. f3 exf3 18. Nxf3 Qh5 19. Bd3 Nf8 20. Nd5 Nxd5 21. cxd5 g4 22.
Nd2 Bd7 23. Nf1 f4 24. exf4 Bf6 25. Bb2 Qxd5 26. Bc4 Qf5 27. Qxf5 Bxf5 28. Ne3
Be6 29. Bxe6 Nxe6 30. Nd5 Bxd4+ 31. Bxd4+ Nxd4 32. Nxc7 Rxe1+ 33. Rxe1 Rc8 34.
b6 axb6 35. axb6 Nc6 36. Kf2 Na5 37. f5 Nc4 38. f6 Nxb6 39. f7 Kg7 40. Ne8+ Kf8
41. Nxd6 Rc2+ 42. Kg3 Nd7 43. Re8+ Kg7 44. Rd8 Nf8 45. Rb8 Rc6 46. Nf5+ Kxf7 47.
Rxb7+ Kf6 48. Ne3 1/2-1/2

[Event "39th TCh-GRE"]
[Site "Eretria GRE"]
[Date "2011.07.06"]
[Round "5.1"]
[White "Tsolakidou, Stavroula"]
[Black "Tsiros, Fragkiskos Vlasios"]
[Result "1-0"]
[WhiteElo "1803"]
[BlackElo "1730"]
[WhiteTeam "CC Kavala"]
[BlackTeam "SS Peristeri"]
[WhiteFideId "4264312"]
[BlackFideId "4228200"]
[EventDate "2011.07.03"]

1. e4 c5 2. Nf3 d6 3. d4 Nf6 4. Nc3 cxd4 5. Nxd4 a6 6. Be3 e5 7. Nb3 Be6 8. Qd2
Nbd7 9. O-O-O Rc8 10. Kb1 Be7 11. f4 b5 12. Bd3 Ng4 13. g3 Nxe3 14. Qxe3 O-O 15.
f5 Bc4 16. h4 h6 17. Nd2 Nf6 18. Bxc4 bxc4 19. Qe2 Qa5 20. Ka1 Rfd8 21. g4 Nh7
22. Nd5 Bf8 23. g5 c3 24. Nb3 cxb2+ 25. Kxb2 Qb5 26. Qd2 h5 27. g6 fxg6 28. fxg6
Nf6 29. Nxf6+ gxf6 30. Rhf1 Kg7 31. Rf5 Be7 32. Rxh5 Rh8 33. Rxh8 Rxh8 34. Rh1
Kxg6 35. Qg2+ Kf7 36. h5 Rh6 37. Rg1 Bf8 38. Qg8+ Ke7 39. Rg7+ Bxg7 40. Qxg7+
Ke6 41. Qxh6 a5 42. Qf8 a4 43. h6 axb3 44. axb3 Qd7 45. Qg8+ Qf7 46. h7 1-0

[Event "39th TCh-GRE"]
[Site "Eretria GRE"]
[Date "2011.07.06"]
[Round "5.2"]
[White "Ragger, Markus"]
[Black "Mastrovasilis, Dimitrios"]
[Result "1/2-1/2"]
[WhiteTitle "GM"]
[BlackTitle "GM"]
[WhiteElo "2651"]
[BlackElo "2604"]
[WhiteTeam "HRC Korydallos"]
[BlackTeam "ES Thessaloniki"]
[WhiteFideId "1610856"]
[BlackFideId "4202694"]
[EventDate "2011.07.03"]

1. c4 c6 2. e4 d5 3. exd5 cxd5 4. d4 Nf6 5. Nc3 Nc6 6. Nf3 Bg4 7. cxd5 Nxd5 8.
Qb3 Bxf3 9. gxf3 e6 10. Qxb7 Nxd4 11. Bb5+ Nxb5 12. Qc6+ Ke7 13. Qxb5 Qd7 14.
Nxd5+ Qxd5 15. Bg5+ f6 16. Qxd5 exd5 17. Be3 Ke6 18. O-O-O Bb4 19. a3 Rhc8+ 20.
Kb1 Bc5 21. Rhe1 Bxe3 22. Rxe3+ Kd6 23. Rde1 Rc4 24. Re6+ Kc5 25. Rg1 Rh4 26.
Rc1+ Rc4 27. Rg1 Rh4 28. Rxg7 Rxh2 29. Rc7+ Kd4 30. Rc1 Rxf2 31. Rd1+ Kc5 32.
Rc1+ Kd4 33. Rd1+ Kc5 34. Rc1+ 1/2-1/2

[Event "39th TCh-GRE"]
[Site "Eretria GRE"]
[Date "2011.07.06"]
[Round "5.2"]
[White "Sedlak, Nikola"]
[Black "Antoniewski, Rafal"]
[Result "1-0"]
[WhiteTitle "GM"]
[BlackTitle "GM"]
[WhiteElo "2580"]
[BlackElo "2586"]
[WhiteTeam "ES Thessaloniki"]
[BlackTeam "HRC Korydallos"]
[WhiteFideId "922900"]
[BlackFideId "1111078"]
[EventDate "2011.07.03"]

1. d4 Nf6 2. Nf3 g6 3. g3 Bg7 4. Bg2 O-O 5. c4 d6 6. O-O Nc6 7. Nc3 Bf5 8. Ne1
Na5 9. e4 Bg4 10. f3 Be6 11. b3 c5 12. Nc2 cxd4 13. Nxd4 Bd7 14. Be3 Nc6 15.
Nde2 Qa5 16. Qd2 Rfe8 17. h3 Rad8 18. a3 Be6 19. Rfc1 Qc7 20. Rab1 Qb8 21. Nd5
Rc8 22. a4 Nd7 23. Nef4 b6 24. b4 Qa8 25. Nxe6 fxe6 26. Nf4 Nf8 27. h4 e5 28.
Ne2 Rcd8 29. a5 bxa5 30. b5 Nd4 31. Nxd4 exd4 32. Bxd4 Bxd4+ 33. Qxd4 Qb7 34.
Qd5+ Qxd5 35. cxd5 e6 36. Ra1 exd5 37. exd5 Re2 38. Rxa5 Rb2 39. Bf1 Re8 40.
Rca1 Rc8 41. Rxa7 Rcc2 42. R7a6 Rc3 43. R6a3 Rcc2 44. Re3 h5 45. Re4 Nh7 46.
Ra8+ 1-0

[Event "39th TCh-GRE"]
[Site "Eretria GRE"]
[Date "2011.07.06"]
[Round "5.2"]
[White "Tsiamis, Konstantinos"]
[Black "Malikentzos, Sotirios"]
[Result "1/2-1/2"]
[WhiteTitle "FM"]
[BlackTitle "FM"]
[WhiteElo "2262"]
[BlackElo "2314"]
[WhiteTeam "HRC Korydallos"]
[BlackTeam "ES Thessaloniki"]
[WhiteFideId "4204905"]
[BlackFideId "4215079"]
[EventDate "2011.07.03"]

1. d4 d5 2. c4 e6 3. Nc3 Nf6 4. cxd5 exd5 5. Bg5 c6 6. e3 Be7 7. Qc2 Nbd7 8. Bd3
O-O 9. Nge2 Re8 10. O-O Nf8 11. f3 Nh5 12. Bxe7 Qxe7 13. e4 dxe4 14. fxe4 Be6
15. h3 Nf6 16. Rad1 Rad8 17. e5 Nd5 18. Nxd5 Bxd5 19. Nc3 Qh4 20. Nxd5 Rxd5 21.
Bc4 Rd7 22. Qf5 Qe7 23. Bb3 Ne6 24. d5 cxd5 25. Rxd5 Rxd5 26. Bxd5 Rd8 27. Bb3
Rd2 28. Rf2 Rxf2 29. Qxf2 Qc7 30. Bxe6 fxe6 1/2-1/2

[Event "39th TCh-GRE"]
[Site "Eretria GRE"]
[Date "2011.07.06"]
[Round "5.2"]
[White "Zawadzka, Jolanta"]
[Black "Ikonomopoulou, Maria"]
[Result "1/2-1/2"]
[WhiteTitle "WGM"]
[BlackTitle "WFM"]
[WhiteElo "2405"]
[BlackElo "2102"]
[WhiteTeam "ES Thessaloniki"]
[BlackTeam "HRC Korydallos"]
[WhiteFideId "1122320"]
[BlackFideId "4209958"]
[EventDate "2011.07.03"]

1. e4 c5 2. Nf3 Nc6 3. d4 cxd4 4. Nxd4 Nf6 5. Nc3 e5 6. Ndb5 d6 7. Bg5 a6 8. Na3
b5 9. Nd5 Be7 10. Bxf6 Bxf6 11. c4 b4 12. Nc2 a5 13. Be2 Bg5 14. O-O O-O 15. Qd3
Be6 16. Rfd1 Rb8 17. Qb3 Qc8 18. a3 bxa3 19. Qxa3 Bxd5 20. Rxd5 Nb4 21. Nxb4
axb4 22. Qb3 Rb6 23. Rad1 Be7 24. Qe3 Qb8 25. Bg4 Rc6 26. Rb5 Qc7 27. b3 Rb8 28.
Rxb8+ Qxb8 29. Bd7 Rc5 30. Qe1 Qb7 31. Bb5 g6 32. f3 Qb6 33. Kh1 Rc7 34. Rd5 Qa5
35. Ba4 Rc5 36. Rd1 Qb6 37. Qd2 Kg7 38. g3 h6 39. Kg2 Rc7 40. h4 Rc5 41. Bb5 Qa5
42. Qb2 Rc7 43. Ra1 Qb6 44. Qf2 Qc5 45. Ra6 f5 46. exf5 gxf5 47. Qc2 Qxb5 48.
Ra7 Qd7 49. Rxc7 Qxc7 50. Qxf5 Bf6 51. Qg4+ Kh7 52. Qf5+ Kg7 53. Qg4+ Kh7 54.
Qf5+ 1/2-1/2

[Event "39th TCh-GRE"]
[Site "Eretria GRE"]
[Date "2011.07.06"]
[Round "5.2"]
[White "Selianiti, Eleana"]
[Black "Papathanasiou, Ageliki"]
[Result "1/2-1/2"]
[WhiteElo "1678"]
[BlackElo "1817"]
[WhiteTeam "HRC Korydallos"]
[BlackTeam "ES Thessaloniki"]
[WhiteFideId "4235860"]
[BlackFideId "4224728"]
[EventDate "2011.07.03"]

1. e4 c5 2. Nc3 Nc6 3. g3 g6 4. Bg2 Bg7 5. d3 e6 6. Be3 d6 7. Qd2 Rb8 8. Nf3 b5
9. O-O a6 10. Rab1 Bb7 11. Ne2 Nf6 12. h3 O-O 13. Bh6 Qa5 14. Qxa5 Nxa5 15. Bxg7
Kxg7 16. Nd2 Rfc8 17. Rfd1 Nc6 18. c3 Rc7 19. Rbc1 Rbc8 20. f4 Nd7 21. Nf3 Ne7
22. Nd2 d5 23. e5 Nb6 24. Kf2 Na4 25. Rc2 Bc6 26. Rdc1 c4 27. d4 Rb7 28. b3 Nb6
29. b4 Ra7 30. a3 a5 31. Bf3 axb4 32. axb4 Rca8 33. g4 Ra1 34. Ke3 R1a2 35. Nb1
R8a7 36. Nd2 Kh6 37. Nb1 R7a6 38. Nd2 Kg7 39. Nb1 Kf8 40. Nd2 Kg8 1/2-1/2

[Event "39th TCh-GRE"]
[Site "Eretria GRE"]
[Date "2011.07.06"]
[Round "5.2"]
[White "Pasoglou, Ekaterini"]
[Black "Pramateftaki, Aspasia"]
[Result "1-0"]
[WhiteElo "1483"]
[BlackElo "1360"]
[WhiteTeam "ES Thessaloniki"]
[BlackTeam "HRC Korydallos"]
[WhiteFideId "4247663"]
[BlackFideId "4219295"]
[EventDate "2011.07.03"]

1. e4 c5 2. Nc3 Nc6 3. f4 e6 4. Nf3 d5 5. Bb5 Ne7 6. exd5 Nxd5 7. Nxd5 Qxd5 8.
O-O Bd7 9. d3 Bd6 10. Qe1 a6 11. Bc4 Qf5 12. Qe4 Qxe4 13. dxe4 b5 14. Be2 e5 15.
f5 f6 16. c3 c4 17. Be3 O-O 18. Rad1 Bxf5 19. exf5 Rfd8 20. Bb6 Rd7 21. Rd2 Rb8
22. Be3 Rbd8 23. Rfd1 e4 24. Ne1 a5 25. Kh1 a4 26. Bc5 Bxc5 27. Rxd7 Rxd7 28.
Rxd7 Ne5 29. Rd5 Bf2 30. Nc2 Nd3 31. Bh5 g6 32. fxg6 Nf4 33. gxh7+ Kxh7 34. Rf5
Nxh5 35. Rxf2 Kg6 36. g4 Ng7 37. Rf4 Ne6 38. Rxe4 Nc5 39. Rd4 Nd3 40. Rd5 Nxb2
41. Rxb5 Nd3 42. Ra5 Nf2+ 43. Kg2 Nxg4 44. Rxa4 Ne5 45. Ne3 Kg5 46. Nxc4 Nxc4
47. Rxc4 1-0

[Event "39th TCh-GRE"]
[Site "Eretria GRE"]
[Date "2011.07.06"]
[Round "5.2"]
[White "Noutsos, Stamoulis"]
[Black "Ballas, Kleon-Evangelos"]
[Result "0-1"]
[WhiteElo "1771"]
[BlackElo "1937"]
[WhiteTeam "HRC Korydallos"]
[BlackTeam "ES Thessaloniki"]
[WhiteFideId "4236467"]
[BlackFideId "4215311"]
[EventDate "2011.07.03"]

1. d4 Nf6 2. c4 e6 3. Nc3 Bb4 4. Nf3 d5 5. a3 Bxc3+ 6. bxc3 O-O 7. e3 Nbd7 8.
Bd3 c5 9. O-O b6 10. Qe2 Ba6 11. a4 Rc8 12. cxd5 Bxd3 13. Qxd3 exd5 14. Ba3 Re8
15. Rac1 c4 16. Qc2 Nb8 17. Ne5 Nc6 18. Nxc6 Rxc6 19. Rfe1 Rce6 20. Re2 Ng4 21.
Qf5 Nh6 22. Qh5 Re4 23. Rce1 R8e6 24. g3 Ng4 25. f4 Nxe3 26. Bc1 Qe8 27. Rxe3
Rxe3 28. Rxe3 Rxe3 29. Bxe3 Qxe3+ 30. Kg2 Qe4+ 31. Kf2 h6 32. Qd1 Qe7 33. Qa1
Qe8 34. Qa3 Qe4 35. Qb4 Qc2+ 36. Kg1 Qb3 37. Qe7 Qxc3 38. Qd8+ Kh7 39. Qxd5 Qe1+
40. Kg2 Qe2+ 41. Kg1 Qe6 42. Qb5 Qe1+ 43. Kg2 Qe4+ 44. Kf1 c3 45. Qe2 Qb1+ 46.
Kf2 c2 47. Qe4+ g6 48. Qd5 Kg8 49. Qd8+ Kg7 50. f5 c1=Q 0-1

[Event "39th TCh-GRE"]
[Site "Eretria GRE"]
[Date "2011.07.06"]
[Round "5.2"]
[White "Ballas, Athanasios-panagiotis"]
[Black "Capone, Nicola"]
[Result "0-1"]
[WhiteElo "1753"]
[BlackElo "2005"]
[WhiteTeam "ES Thessaloniki"]
[BlackTeam "HRC Korydallos"]
[WhiteFideId "4224078"]
[BlackFideId "224715"]
[EventDate "2011.07.03"]

1. e4 c5 2. Nf3 d6 3. d4 cxd4 4. Nxd4 Nf6 5. Nc3 Nc6 6. Bc4 Qb6 7. Nxc6 bxc6 8.
O-O e6 9. Qe2 Be7 10. b3 Nd7 11. Na4 Qc7 12. Bb2 O-O 13. Bd3 e5 14. c4 Nb6 15.
Nxb6 axb6 16. f4 Rd8 17. f5 Bb7 18. Rf3 Bf6 19. Rh3 d5 20. Qh5 h6 21. Bc1 Kf8
22. g4 dxe4 23. Bxe4 Rd1+ 24. Kf2 Qd8 25. g5 Qd4+ 26. Re3 Bxg5 27. Qxd1 Rxa2+
28. Kf3 Qxd1+ 29. Kg3 Bf4+ 30. Kh4 Rxa1 0-1

[Event "39th TCh-GRE"]
[Site "Eretria GRE"]
[Date "2011.07.06"]
[Round "5.3"]
[White "Prohaszka, Peter2"]
[Black "Argiroudis, Stamatis"]
[Result "1-0"]
[WhiteTitle "GM"]
[WhiteElo "2547"]
[BlackElo "2308"]
[WhiteTeam "Panionios G.S.S. 2210"]
[BlackTeam "OS Triandria"]
[WhiteFideId "726265"]
[BlackFideId "4202210"]
[EventDate "2011.07.03"]

1. d4 Nf6 2. Nf3 g6 3. g3 Bg7 4. Bg2 O-O 5. O-O d5 6. c4 c6 7. b3 Bf5 8. Bb2 a6
9. Nbd2 Ne4 10. Nh4 Nxd2 11. Qxd2 Be6 12. Rac1 Nd7 13. cxd5 cxd5 14. Qb4 Rb8 15.
Nf3 Nf6 16. Ne5 Ne4 17. Rfd1 a5 18. Qe1 Nd6 19. Nd3 f6 20. Nf4 Bf7 21. Bxd5 Bxd5
22. Nxd5 e6 23. Nc7 Qd7 24. d5 e5 25. Qxa5 Bh6 26. e3 Qf5 27. Qb6 Nf7 28. Ne6
Rfe8 29. Rc7 Qf3 30. Rd2 Bf8 31. Nxf8 Rxf8 32. h4 Rbd8 33. Qe6 Rd6 34. Ba3 Rxe6
35. dxe6 Nd6 36. Rxd6 Qf5 37. Rdd7 1-0

[Event "39th TCh-GRE"]
[Site "Eretria GRE"]
[Date "2011.07.06"]
[Round "5.3"]
[White "Ilandzis, Spyridon"]
[Black "Kofidis, Andreas"]
[Result "0-1"]
[BlackTitle "IM"]
[WhiteElo "2135"]
[BlackElo "2415"]
[WhiteTeam "OS Triandria"]
[BlackTeam "Panionios G.S.S. 2210"]
[WhiteFideId "4200276"]
[BlackFideId "4200217"]
[EventDate "2011.07.03"]

1. d4 Nf6 2. c4 g6 3. Nc3 Bg7 4. Nf3 d6 5. Bg5 h6 6. Bh4 O-O 7. Qc2 Nc6 8. d5
Nb4 9. Qd2 a5 10. e4 c6 11. Be2 Nd7 12. O-O Nc5 13. Rae1 Bg4 14. a3 Bxf3 15.
gxf3 Nba6 16. Bd1 Qd7 17. f4 Bf6 18. Bg3 Bg7 19. e5 cxd5 20. exd6 Bxc3 21. Qxc3
Ne4 22. Qd4 Nxd6 23. Qxd5 e6 24. Qd2 Qc6 25. Qxa5 Nxc4 26. Qc3 Rac8 27. Bf3 Qb5
28. Re2 Nc5 29. Qf6 Nd6 30. f5 Nd7 31. Qh4 Nxf5 32. Qe4 Nc5 33. Qg4 Nd3 34. Rd1
Nxg3 35. hxg3 Ne5 36. Qe4 Nxf3+ 37. Qxf3 Rfd8 38. Rxd8+ Rxd8 39. Rc2 Qd5 40. Qf6
Qd1+ 41. Kg2 Qd6 42. Rc3 h5 43. Re3 Qd5+ 44. Kh2 b5 45. Rc3 Qd4 46. Qf3 Rd5 47.
Kg2 Kg7 48. Qe2 Rf5 49. Re3 Qd5+ 50. Kg1 Qc4 51. Qxc4 bxc4 52. Rc3 Rb5 53. Rxc4
Rxb2 54. Kg2 Rb3 55. a4 Ra3 56. Rb4 e5 57. Rb5 e4 58. a5 f5 59. Rb7+ Kh6 60. Rb5
Kg5 61. Rc5 Ra2 62. Kf1 Kg4 63. Rb5 g5 64. Re5 h4 65. gxh4 gxh4 66. Kg1 h3 67.
Rc5 h2+ 68. Kxh2 Rxf2+ 69. Kg1 Ra2 70. Re5 Kf4 71. Rb5 e3 72. Kf1 Ke4 73. Ke1 f4 0-1

[Event "39th TCh-GRE"]
[Site "Eretria GRE"]
[Date "2011.07.06"]
[Round "5.3"]
[White "Stoumbou, Eleni"]
[Black "Berzina, Ilze"]
[Result "0-1"]
[BlackTitle "WGM"]
[WhiteElo "1873"]
[BlackElo "2307"]
[WhiteTeam "Panionios G.S.S. 2210"]
[BlackTeam "OS Triandria"]
[WhiteFideId "4210174"]
[BlackFideId "11601345"]
[EventDate "2011.07.03"]

1. e4 e5 2. Nc3 Nf6 3. f4 d5 4. fxe5 Nxe4 5. Qf3 Nxc3 6. dxc3 Be6 7. Qg3 c5 8.
Nf3 h6 9. Bd3 Nc6 10. O-O Qc7 11. a3 O-O-O 12. b4 g5 13. Re1 Bg7 14. Bb5 g4 15.
Bxc6 gxf3 16. Qxg7 Rhg8 17. Qf6 Rxg2+ 18. Kh1 f2 19. Rf1 Rdg8 20. Be3 Qxc6 21.
b5 d4 0-1

[Event "39th TCh-GRE"]
[Site "Eretria GRE"]
[Date "2011.07.06"]
[Round "5.3"]
[White "Vafiadou, Asimenia"]
[Black "Terzidaki, Alexandra"]
[Result "1/2-1/2"]
[WhiteElo "1641"]
[BlackElo "1938"]
[WhiteTeam "OS Triandria"]
[BlackTeam "Panionios G.S.S. 2210"]
[WhiteFideId "4218914"]
[BlackFideId "4227476"]
[EventDate "2011.07.03"]

1. d4 e6 2. c4 Nf6 3. Nc3 Bb4 4. Bg5 h6 5. Bh4 Nc6 6. Nf3 g5 7. Bg3 Ne4 8. Qd3
d5 9. a3 Nxg3 10. hxg3 Bf8 11. e3 dxc4 12. Qxc4 Bg7 13. Rd1 O-O 14. Be2 Bd7 15.
O-O Qe7 16. b4 a6 17. Ne4 Rfd8 18. Nc5 Rab8 19. Rc1 Na7 20. Nxd7 Rxd7 21. Rfd1
Nc6 22. Ne1 e5 23. d5 Na7 24. Bg4 Rdd8 25. e4 c6 26. dxc6 Nxc6 27. Nc2 Nd4 28.
Ne3 a5 29. Nd5 Qf8 30. Qc7 axb4 31. axb4 Kh8 32. Ne7 Bf6 33. Nd5 Bg7 34. Ne7 Bf6 1/2-1/2

[Event "39th TCh-GRE"]
[Site "Eretria GRE"]
[Date "2011.07.06"]
[Round "5.3"]
[White "Poulopoulou, Ekaterini"]
[Black "Koutsoura, Georgia"]
[Result "0-1"]
[WhiteElo "1450"]
[BlackElo "1374"]
[WhiteTeam "Panionios G.S.S. 2210"]
[BlackTeam "OS Triandria"]
[WhiteFideId "4244206"]
[BlackFideId "4247930"]
[EventDate "2011.07.03"]

1. e4 c5 2. Nc3 Nc6 3. d3 d6 4. Be3 g6 5. g3 Bg7 6. Bg2 Rb8 7. Qd2 b5 8. a3 a5
9. Nge2 b4 10. axb4 axb4 11. Nd1 Nd4 12. Nxd4 cxd4 13. Bg5 f6 14. Bh4 g5 15.
Bxg5 fxg5 16. Qxg5 Bf6 17. Qh5+ Kf8 18. Bf3 Qe8 19. Qd5 Qf7 20. Qa5 e5 21. Be2
Qd7 22. Rf1 Ne7 23. f4 Kg7 24. Bh5 Rf8 25. f5 Bb7 26. Qa2 Ra8 27. Qb1 Rxa1 28.
Qxa1 Ra8 29. Qc1 Qc6 30. Nf2 b3 31. Ng4 Ng8 32. Nxf6 Kxf6 33. h4 h6 34. Kd1
bxc2+ 35. Kd2 Rc8 36. Ke1 d5 37. Bf3 dxe4 38. Bxe4 Qb6 39. Bxb7 Qxb7 40. g4 Qg2
41. Rf2 Qxg4 42. Rxc2 Qxh4+ 43. Ke2 Qh2+ 44. Kd1 Qg1+ 45. Kd2 Qe3+ 46. Kd1 Qxd3+
47. Qd2 Qf1+ 0-1

[Event "39th TCh-GRE"]
[Site "Eretria GRE"]
[Date "2011.07.06"]
[Round "5.3"]
[White "Konstantinidis, Konstantinos"]
[Black "Tsokopoulos, Dedalos"]
[Result "0-1"]
[WhiteElo "1943"]
[BlackElo "1992"]
[WhiteTeam "OS Triandria"]
[BlackTeam "Panionios G.S.S. 2210"]
[WhiteFideId "4216199"]
[BlackFideId "4211944"]
[EventDate "2011.07.03"]

1. e4 c5 2. Nf3 a6 3. c4 d6 4. d4 cxd4 5. Nxd4 Nf6 6. Nc3 e6 7. Bd3 Be7 8. Qe2
Qc7 9. O-O b6 10. Kh1 Nbd7 11. f4 Bb7 12. Bd2 O-O 13. Rae1 g6 14. b3 Ne8 15. Qg4
Ng7 16. Bb1 Qc5 17. Nf3 Qh5 18. Qxh5 Nxh5 19. f5 Ne5 20. Nd4 Nc6 21. Nce2 Bf6
22. Be3 Nxd4 23. Nxd4 Ng7 24. Rd1 exf5 25. exf5 Rae8 26. Bf4 Be5 27. Bh6 Bxd4
28. Rxd4 Re2 29. Rg4 Rfe8 30. Kg1 Rb2 31. Bd3 Rxa2 32. Rb1 Nh5 33. fxg6 hxg6 34.
Bf1 Kh7 35. Bg5 Kg7 36. Rd4 Re6 37. Bd8 b5 38. Bc7 Rf6 39. Rxd6 Rff2 40. Bb6
Rxg2+ 41. Bxg2 Rxg2+ 42. Kf1 Rxh2 43. Bd4+ Kf8 44. Re1 Ng3+ 45. Kg1 Rg2# 0-1

[Event "39th TCh-GRE"]
[Site "Eretria GRE"]
[Date "2011.07.06"]
[Round "5.3"]
[White "Alexiou-Karakasidis, Stavros"]
[Black "Tsaknakis, Zisis"]
[Result "1/2-1/2"]
[WhiteElo "1422"]
[BlackElo "1579"]
[WhiteTeam "Panionios G.S.S. 2210"]
[BlackTeam "OS Triandria"]
[WhiteFideId "4255046"]
[BlackFideId "4259963"]
[EventDate "2011.07.03"]

1. e4 c5 2. Nf3 d6 3. d4 cxd4 4. Nxd4 Nf6 5. Nc3 a6 6. Be3 e5 7. Nb3 Be6 8. Bg5
Be7 9. Be2 O-O 10. O-O Nc6 11. Qd2 h6 12. Bh4 b5 13. Rad1 g5 14. Bg3 b4 15. Nd5
Nxe4 16. Nxe7+ Qxe7 17. Qd3 Nxg3 18. hxg3 Bxb3 19. axb3 Nd4 20. Bf3 Nxf3+ 21.
Qxf3 e4 22. Rfe1 Rfe8 23. Qe3 Qe5 24. Qd4 a5 25. Qxe5 Rxe5 26. Rxd6 Kg7 27. f3
Rc8 28. Re2 Rec5 29. Rdd2 e3 30. Rxe3 Rxc2 31. Ree2 Rxd2 32. Rxd2 Rc5 33. Kf2
Kg6 34. Ke3 Kf5 35. Rd4 Rc2 36. Rd2 Rxd2 37. Kxd2 Ke5 38. Ke3 1/2-1/2

[Event "39th TCh-GRE"]
[Site "Eretria GRE"]
[Date "2011.07.06"]
[Round "5.4"]
[White "Nielsen, Peter Heine"]
[Black "Atalik, Suat"]
[Result "1/2-1/2"]
[WhiteTitle "GM"]
[BlackTitle "GM"]
[WhiteElo "2681"]
[BlackElo "2619"]
[WhiteTeam "AEK"]
[BlackTeam "Chess Academy Thes. Galaxias"]
[WhiteFideId "1400355"]
[BlackFideId "14401487"]
[EventDate "2011.07.03"]

1. d4 d5 2. c4 c6 3. Nc3 Nf6 4. e3 e6 5. Nf3 Nbd7 6. Bd3 dxc4 7. Bxc4 b5 8. Bd3
Bd6 9. O-O O-O 10. Qc2 Bb7 11. a3 a5 12. e4 e5 13. dxe5 Nxe5 14. Nxe5 Bxe5 15.
h3 b4 16. Na4 Bd4 17. Re1 c5 18. Be3 Rc8 19. Bxd4 cxd4 20. Qd2 bxa3 21. Rxa3 Re8
22. f3 Nh5 23. b4 axb4 24. Rb3 Qh4 25. Rxb4 Nf4 26. Nb2 Ba6 27. Rd1 Rc6 28. Bxa6
Nxh3+ 29. Kf1 Nf4 30. Qf2 Qh1+ 31. Qg1 Qxg1+ 32. Kxg1 Rxa6 33. Nd3 Ne6 34. f4 g6
35. f5 Ng5 36. Rxd4 Nxe4 37. Rxe4 Rxe4 38. Nc5 Rea4 39. Nxa4 Rxa4 40. fxg6 hxg6
41. Rd7 Kg7 42. Kf2 Kf6 43. Rb7 Rf4+ 44. Kg3 Kg5 45. Rb6 Rf1 46. Kh3 f5 47. g3
Rf2 48. Ra6 Rf3 49. Kg2 Rb3 50. Ra4 Rb2+ 51. Kf3 Rh2 52. Rb4 Rh1 53. Ra4 Rf1+
54. Kg2 Re1 55. Kf3 Rf1+ 56. Kg2 Rb1 57. Kf3 Rb3+ 58. Kf2 Rb6 59. Kf3 Re6 60.
Rb4 Re4 61. Rxe4 fxe4+ 62. Kxe4 Kg4 63. Ke5 Kxg3 64. Kf6 g5 65. Kxg5 1/2-1/2